Urban transport, environment and equity : (Record no. 7798)
[ view plain ]
| 000 -LEADER | |
|---|---|
| fixed length control field | 00751nam a22002052 4500 |
| 001 - CONTROL NUMBER | |
| control field | 0000009143 |
| 005 - DATE AND TIME OF LATEST TRANSACTION | |
| control field | 20151217152049.0 |
| 008 - FIXED-LENGTH DATA ELEMENTS--GENERAL INFORMATION | |
| fixed length control field | 080907s xx 000 0 eng d |
| 020 ## - INTERNATIONAL STANDARD BOOK NUMBER | |
| International Standard Book Number | 1853837261 : |
| Terms of availability | KES 2250 |
| 040 ## - CATALOGING SOURCE | |
| Original cataloging agency | KABU |
| Transcribing agency | KABU |
| 100 1# - MAIN ENTRY--PERSONAL NAME | |
| Personal name | Vasconcellos, Eduardo Alcantara. |
| -- | 0000160209 |
| 245 10 - TITLE STATEMENT | |
| Title | Urban transport, environment and equity : |
| Remainder of title | the case for developing countries / |
| Statement of responsibility, etc. | Eduardo Alcantara Vasconcellos. |
| 260 ## - PUBLICATION, DISTRIBUTION, ETC. (IMPRINT) | |
| Place of publication, distribution, etc. | London : |
| Name of publisher, distributor, etc. | Earthscan, |
| Date of publication, distribution, etc. | 2001. |
| 300 ## - PHYSICAL DESCRIPTION | |
| Extent | ix, 333 p. |
| 650 #0 - SUBJECT ADDED ENTRY--TOPICAL TERM | |
| Topical term or geographic name as entry element | Urban transportation |
| General subdivision | Environmental aspects |
| Geographic subdivision | Developing countries. |
| -- | 0000160210 |
| 650 #0 - SUBJECT ADDED ENTRY--TOPICAL TERM | |
| Topical term or geographic name as entry element | Urban transportation |
| Geographic subdivision | Developing countries. |
| -- | 0000160211 |
| 908 ## - PUT COMMAND PARAMETER (RLIN) | |
| Put command parameter | 080907 |
| 950 ## - LOCAL HOLDINGS (RLIN) | |
| -- | 1 |
| Withdrawn status | Lost status | Source of classification or shelving scheme | Not for loan | Home library | Current library | Date acquired | Total Checkouts | Full call number | Barcode | Date last seen | Date last checked out | Price effective from | Koha item type |
|---|---|---|---|---|---|---|---|---|---|---|---|---|---|
| Library of Congress Classification | Kabarak, Main Campus | Kabarak, Main Campus | 17/12/2015 | 1 | HE311 .D44V37 c. 1 | 009331 | 02/08/2024 | 15/07/2016 | 17/12/2015 | General Collection |